[Event "Norway Chess Open GM 2025"]
[Site "Stavanger NOR"]
[Date "2025.05.28"]
[Round "3.21"]
[White "Elsness, Fredrik Valstad"]
[Black "Pubantz, Jan"]
[Result "0-1"]
[WhiteElo "2111"]
[BlackElo "2315"]
[WhiteFideId "1567829"]
[BlackFideId "12996114"]
[EventDate "2025.05.26"]

1. e4 c6 2. d4 d5 3. e5 Bf5 4. h4 h6 5. g4 Bd7 6. Be3 e6 7. Nc3 c5 8. dxc5 a6 9.
h5 Qc7 10. Qd2 Bc6 11. Bg2 d4 12. Bxc6+ Nxc6 13. Bxd4 O-O-O 14. Nce2 Nxd4 15.
Nxd4 Bxc5 16. c3 Qxe5+ 17. Nge2 Nf6 18. f3 Qd5 19. Qf4 Bd6 0-1

[Event "Norway Chess Open GM 2025"]
[Site "Stavanger NOR"]
[Date "2025.05.28"]
[Round "3.22"]
[White "Banerjee, Supratit"]
[Black "Zheng, Harry Z"]
[Result "0-1"]
[WhiteTitle "CM"]
[WhiteElo "2312"]
[BlackElo "2149"]
[WhiteFideId "2410079"]
[BlackFideId "460982"]
[EventDate "2025.05.26"]

1. e4 e5 2. Nf3 Nc6 3. Bb5 a6 4. Ba4 Nf6 5. O-O Be7 6. Re1 b5 7. Bb3 d6 8. c3
O-O 9. h3 Na5 10. Bc2 c5 11. d4 Nd7 12. d5 Nb6 13. Nbd2 Bd7 14. b3 g6 15. Nf1
Nb7 16. Bh6 Re8 17. Qd2 a5 18. a3 a4 19. b4 Qc8 20. Qe2 Bf6 21. Bd3 c4 22. Bc2
Bh8 23. Qe3 Qc7 24. g4 f6 25. Ng3 Nd8 26. Kh2 Nf7 27. Rg1 Qa7 28. Qd2 Nxh6 29.
Qxh6 Nxd5 30. exd5 Qxf2+ 31. Rg2 Qxf3 32. Rf1 Qxd5 33. Rd2 Qf7 34. Rxd6 Be6 35.
Qd2 Bg7 36. Be4 Rab8 37. Bc6 Re7 38. Ne4 Kh8 39. Bxb5 h6 40. Bxa4 Kh7 41. Bc2
Rf8 42. Nc5 Qe8 43. Ba4 Qf7 44. Bc2 Qe8 45. Qg2 Bc8 46. Rg1 e4 47. Bxe4 Bb7 48.
Rd4 f5 49. Nxb7 Bxd4 50. Bc6 Qb8+ 0-1

[Event "Norway Chess Open GM 2025"]
[Site "Stavanger NOR"]
[Date "2025.05.28"]
[Round "3.23"]
[White "Risting, Eivind Olav"]
[Black "Vincenti, Leonardo"]
[Result "0-1"]
[WhiteTitle "FM"]
[BlackTitle "CM"]
[WhiteElo "2302"]
[BlackElo "2120"]
[WhiteFideId "1517333"]
[BlackFideId "28550820"]
[EventDate "2025.05.26"]

1. d4 d5 2. c4 e6 3. Nc3 Nf6 4. cxd5 exd5 5. Bg5 c6 6. Qc2 h6 7. Bf4 Bd6 8. Bxd6
Qxd6 9. e3 O-O 10. Bd3 Re8 11. Nge2 a5 12. h3 Na6 13. a3 b5 14. O-O Nc7 15. Rfe1
Ba6 16. Ng3 b4 17. Na4 Bxd3 18. Qxd3 Ne6 19. Rec1 g6 20. Rc2 Nd7 21. Rac1 Rec8
22. Nf1 Rc7 23. Nd2 Rac8 24. axb4 axb4 25. Qa6 f5 26. g3 g5 27. Qd3 Ng7 28. Nb3
f4 29. exf4 gxf4 30. Re2 Rf8 31. Rce1 Nf6 32. Nac5 fxg3 33. fxg3 Nfh5 34. Re5
Qf6 35. Rf1 Qxf1+ 36. Qxf1 Rxf1+ 37. Kxf1 Nxg3+ 38. Kg2 N3f5 39. Kf3 Nd6 40. Kg4
Nc4 41. Re2 Rf7 42. Na6 Kh7 43. Nbc5 Kg6 44. Nxb4 h5+ 45. Kg3 Nf5+ 46. Kh2 Nxd4
47. Rg2+ Kh6 48. Nbd3 Ne3 49. Ne5 Rf5 50. Rg6+ Kh7 51. Ncd3 Nc4 0-1

[Event "Norway Chess Open GM 2025"]
[Site "Stavanger NOR"]
[Date "2025.05.28"]
[Round "3.24"]
[White "Aravindhan, Achyuth"]
[Black "Nissinen, Niilo Man"]
[Result "0-1"]
[WhiteTitle "CM"]
[BlackTitle "CM"]
[WhiteElo "2098"]
[BlackElo "2301"]
[WhiteFideId "1084216"]
[BlackFideId "30950767"]
[EventDate "2025.05.26"]

1. e4 c5 2. Nf3 Nc6 3. d4 cxd4 4. Nxd4 Qb6 5. Nb3 g6 6. Be3 Qb4+ 7. N1d2 Bg7 8.
c3 Qd6 9. Be2 Nf6 10. f4 Qc7 11. O-O O-O 12. Bf3 Rd8 13. e5 Ne8 14. Nd4 d6 15.
exd6 Nxd6 16. Nxc6 bxc6 17. Qa4 Nf5 18. Nc4 Be6 19. Rae1 Nxe3 20. Nxe3 Rab8 21.
Re2 Rb5 22. Qe4 Qb6 23. Qxc6 Rxb2 24. Rxb2 Qxb2 25. Nd5 Bf8 26. a4 Rd6 27. Qc5
Qa2 28. Ne3 Qxa4 29. f5 Bd7 30. Nc4 Rf6 31. fxg6 hxg6 32. Ne5 Be8 33. Ng4 Rf5
34. Qe3 e6 35. Qc1 Qf4 36. Qb1 Bc6 37. Be2 Qd2 38. Qd3 Bc5+ 39. Nf2 Rxf2 40.
Qxd2 Rxg2+ 41. Kh1 Rg1# 0-1

[Event "Norway Chess Open GM 2025"]
[Site "Stavanger NOR"]
[Date "2025.05.28"]
[Round "3.25"]
[White "Advaitt Srikant Koduri"]
[Black "Hohelj, Stanislav"]
[Result "0-1"]
[WhiteElo "1988"]
[BlackElo "2300"]
[WhiteFideId "25185454"]
[BlackFideId "14101394"]
[EventDate "2025.05.26"]

1. d4 d5 2. Nf3 Bf5 3. Bf4 e6 4. e3 Nf6 5. c4 Bxb1 6. Qxb1 Bb4+ 7. Kd1 Ne4 8.
Qc2 c6 9. Bd3 f5 10. a3 Bd6 11. Bxd6 Qxd6 12. c5 Qe7 13. Ne5 Nd7 14. Nxd7 Qxd7
15. f4 O-O 16. b4 g5 17. g3 a5 18. Bxe4 fxe4 19. Kd2 Qg7 20. Rhg1 Qh6 21. Kc3
Qh3 22. Kb2 Kg7 23. Qe2 Kg6 24. Ra2 Kh6 25. Ka1 gxf4 26. exf4 axb4 27. axb4
Rxa2+ 28. Kxa2 Kg6 29. Kb2 Ra8 30. Kb3 h5 31. Kb2 Kf5 32. Rf1 Qg4 33. Qf2 h4 34.
Kb3 Rg8 35. Qg2 hxg3 36. h3 Qh4 37. b5 cxb5 38. Kb4 Ra8 39. Rd1 Qd8 0-1

[Event "Norway Chess Open GM 2025"]
[Site "Stavanger NOR"]
[Date "2025.05.28"]
[Round "3.26"]
[White "Savitha, Shri B"]
[Black "Liu, Tianyi (Jack)"]
[Result "1-0"]
[WhiteTitle "IM"]
[WhiteElo "2298"]
[BlackElo "2112"]
[WhiteFideId "35061887"]
[BlackFideId "8627894"]
[EventDate "2025.05.26"]

1. e4 c5 2. Nf3 e6 3. d4 cxd4 4. Nxd4 Nc6 5. Nc3 Qc7 6. Be3 a6 7. g4 Nxd4 8.
Qxd4 b5 9. O-O-O Bb7 10. f3 Rc8 11. Qd2 Bb4 12. Bd4 f6 13. g5 h6 14. gxf6 Nxf6
15. Qg2 e5 16. Qxg7 Rf8 17. Be3 Bxc3 18. bxc3 Qxc3 19. Bd3 Rf7 20. Qxh6 d5 21.
Rhf1 Qa3+ 22. Kd2 d4 23. Bf2 Qb4+ 24. Ke2 Qb2 25. Rd2 Qxa2 26. c3 Qe6 27. cxd4
exd4 28. Bxd4 Ke7 29. Rg1 Rcf8 30. Bc5+ Ke8 31. Bxf8 Rh7 32. Qf4 Kxf8 33. Rg6
Kf7 34. Rxf6+ Qxf6 35. Qxf6+ Kxf6 36. e5+ 1-0

[Event "Norway Chess Open GM 2025"]
[Site "Stavanger NOR"]
[Date "2025.05.28"]
[Round "3.27"]
[White "Lewandrowski, Tomasz"]
[Black "Fiskaaen, Martin Holten"]
[Result "0-1"]
[BlackTitle "FM"]
[WhiteElo "1979"]
[BlackElo "2292"]
[WhiteFideId "1154753"]
[BlackFideId "1550233"]
[EventDate "2025.05.26"]

1. d4 Nf6 2. Nc3 d5 3. Bf4 e6 4. Nb5 Na6 5. e3 Be7 6. h3 O-O 7. Nf3 c6 8. Nc3
Qa5 9. Bd3 Nb4 10. O-O c5 11. dxc5 Qxc5 12. e4 Nxd3 13. Qxd3 dxe4 14. Nxe4 Nxe4
15. Qxe4 f6 16. Rfd1 e5 17. Be3 Qc7 18. c4 Kh8 19. Rac1 Be6 20. a3 a5 21. Bd2
Rfd8 22. b4 a4 23. c5 Bb3 24. Re1 Bf7 25. Bc3 Bf8 26. Nd2 Bg6 27. Qh4 Rd3 28.
Nc4 Qc6 29. Nb2 Rd7 30. Red1 Rxd1+ 31. Nxd1 Qe6 32. Bb2 Rd8 33. Qg4 Qb3 34. Qe2
Be7 35. Ne3 Bd3 36. Qd2 Bb5 37. Qc3 Qe6 38. Rd1 Rxd1+ 39. Nxd1 Kg8 40. Qd2 Bc6
41. Nc3 Qc4 42. Qd1 f5 43. Qe2 Qxe2 44. Nxe2 e4 45. Be5 Kf7 46. Nd4 Bd7 47. f4
exf3 48. gxf3 g5 49. f4 gxf4 50. Bxf4 Bf6 51. Nc2 Ke6 52. Bc1 Kd5 53. Ne3+ Ke4
54. Nc4 Kd3 55. Nd6 b6 56. cxb6 Bd4+ 57. Kf1 Bxb6 58. Ke1 Kc2 59. Bg5 Kb3 60.
Bc1 Bc7 61. Nb7 Kc2 62. Bg5 Kb2 63. Kd2 Kxa3 64. Kc3 Bb5 65. Bf6 f4 66. Nc5 f3
67. Bd4 Be5 68. Ne4 Bxd4+ 69. Kxd4 Kxb4 70. Ke3 a3 0-1

[Event "Norway Chess Open GM 2025"]
[Site "Stavanger NOR"]
[Date "2025.05.28"]
[Round "3.28"]
[White "Myagmarsuren, Evsuld"]
[Black "Guretchii, Kirill"]
[Result "1-0"]
[WhiteTitle "FM"]
[WhiteElo "2292"]
[BlackElo "2094"]
[WhiteFideId "1551639"]
[BlackFideId "13911872"]
[EventDate "2025.05.26"]

1. d4 d5 2. Nf3 Nf6 3. c4 e6 4. g3 Bb4+ 5. Bd2 Be7 6. Bg2 O-O 7. O-O Nbd7 8. Bc3
c6 9. Nbd2 a5 10. a4 b6 11. Qc2 Ba6 12. b3 Rc8 13. e4 c5 14. e5 Ne8 15. Rfd1 Nc7
16. Qb2 Qe8 17. Rac1 cxd4 18. Bxd4 Nc5 19. Qb1 Qd7 20. Bf1 Bb7 21. Bg2 Ba6 22.
Bxc5 bxc5 23. Ne4 Qc6 24. cxd5 exd5 25. Nd6 Rb8 26. Nd4 Qb6 27. N4b5 Bxb5 28.
Nxb5 Nxb5 29. axb5 d4 30. Bc6 Qc7 31. Qe4 g6 32. h4 Kg7 33. h5 Rbd8 34. Kg2 Qc8
35. b6 Qe6 36. b7 Qxb3 37. Rb1 Qe6 38. Rb6 f5 39. exf6+ Qxf6 40. f4 g5 41. h6+
Kh8 42. Re1 Bd6 43. f5 c4 44. g4 Bc7 45. b8=N Bxb6 46. Nd7 Rxd7 47. Bxd7 Qd6 48.
Bb5 c3 49. Bd3 Qf4 50. Qxf4 gxf4 51. g5 Rc8 52. g6 Kg8 53. Re7 hxg6 54. fxg6 c2
55. h7+ 1-0

[Event "Norway Chess Open GM 2025"]
[Site "Stavanger NOR"]
[Date "2025.05.28"]
[Round "3.29"]
[White "Poley, Vladimir"]
[Black "Silva, Mariana"]
[Result "1-0"]
[WhiteTitle "IM"]
[BlackTitle "WFM"]
[WhiteElo "2284"]
[BlackElo "2035"]
[WhiteFideId "13500090"]
[BlackFideId "1911899"]
[EventDate "2025.05.26"]

1. Nf3 d5 2. g3 Nd7 3. d4 Nb6 4. Bg2 Bf5 5. a4 a5 6. O-O e6 7. Re1 Nf6 8. c3 Be7
9. Bg5 h6 10. Bxf6 Bxf6 11. Nbd2 Be7 12. e4 Bh7 13. Ne5 O-O 14. Bh3 c5 15. exd5
Nxd5 16. Nxf7 Rxf7 17. Bxe6 Ra6 18. Bxf7+ Kxf7 19. Nc4 cxd4 20. Qxd4 Nf6 21.
Ne5+ Kf8 22. Qc4 Nd5 23. Rad1 Rd6 24. Qb3 Qb6 25. Qc4 Qd8 26. Re3 Bg8 27. Rf3+
Bf6 28. Ng6+ Kf7 29. Nf4 Kf8 30. Ng6+ Kf7 31. Qg4 Bh7 32. Ne5+ Kf8 33. Nc4 Rd7
34. Nxa5 Nb6 35. Qb4+ Qe7 36. Rxd7 Nxd7 37. Qxe7+ Kxe7 38. Re3+ Kd8 39. Nxb7+
Kc7 40. Na5 Nc5 41. b3 Bc2 42. c4 Kb6 43. b4 Nxa4 44. Re6+ Kc7 45. b5 Bd4 46.
Nc6 Bf6 47. Nb4 Bb3 48. Ra6 Bd4 49. Nd3 Kb7 50. Rd6 Bf6 51. Rc6 Bd4 52. h4 Bc2
53. Rd6 Bf6 54. c5 Kc7 55. Nb4 Bf5 56. Nd5+ Kb7 57. c6+ Kc8 58. Rxf6 gxf6 59.
Ne7+ Kc7 60. Nxf5 Nc3 61. Nd4 Nd5 62. Kg2 Kd6 63. Kf3 Ke5 64. Nc2 f5 65. Ne3 Nb6
66. c7 Kd6 67. Nc4+ Kxc7 68. Nxb6 Kxb6 69. Kf4 Kxb5 70. Kxf5 Kc6 71. Kg6 1-0

[Event "Norway Chess Open GM 2025"]
[Site "Stavanger NOR"]
[Date "2025.05.28"]
[Round "3.30"]
[White "Hedman, Erik"]
[Black "Gouanelle, Franck"]
[Result "1/2-1/2"]
[WhiteTitle "IM"]
[WhiteElo "2272"]
[BlackElo "2024"]
[WhiteFideId "1702351"]
[BlackFideId "627542"]
[EventDate "2025.05.26"]

1. e4 e6 2. d4 d5 3. Nd2 Nf6 4. e5 Nfd7 5. Bd3 c5 6. c3 Nc6 7. Ne2 cxd4 8. cxd4
f6 9. exf6 Nxf6 10. O-O Bd6 11. Nf3 Qc7 12. Bg5 O-O 13. Bh4 a6 14. Bg3 g6 15.
Rc1 Nh5 16. Be5 Rxf3 17. gxf3 Bxe5 18. dxe5 Qxe5 19. Qd2 Bd7 20. f4 Qf6 21. f5
Ne5 22. f4 Nxd3 23. Qxd3 Bb5 24. Qf3 Bxe2 25. Qxe2 Qxf5 26. Rc7 Rf8 27. Qe5 Qg4+
28. Kh1 Ng3+ 29. hxg3 Qh3+ 30. Kg1 Qxg3+ 1/2-1/2

[Event "Norway Chess Open GM 2025"]
[Site "Stavanger NOR"]
[Date "2025.05.28"]
[Round "3.31"]
[White "Costache, Andrei Eugeniu"]
[Black "Nechitaylo, Nikita"]
[Result "1/2-1/2"]
[BlackTitle "FM"]
[WhiteElo "1952"]
[BlackElo "2261"]
[WhiteFideId "42206057"]
[BlackFideId "34138161"]
[EventDate "2025.05.26"]

1. e4 c5 2. Nf3 Nc6 3. d4 cxd4 4. Nxd4 e5 5. Nb5 d6 6. N1c3 a6 7. Na3 Be6 8. Be3
Nf6 9. Nc4 b5 10. Nb6 Rb8 11. Nbd5 Ng4 12. Be2 Nxe3 13. Nxe3 Be7 14. O-O O-O 15.
Bg4 Bg5 16. Ncd5 Qd7 17. Bxe6 fxe6 18. Qg4 Bd8 19. c3 Rf7 20. Nb4 Nxb4 21. cxb4
Rf4 22. Qg3 Rxe4 23. Rad1 Bb6 24. Ng4 Qe7 25. Rxd6 Rxg4 26. Rxb6 Rxg3 27. Rxb8+
Kf7 28. fxg3+ Kg6 29. Rc8 Qxb4 30. Rc2 Qd4+ 31. Kh1 e4 32. Re2 a5 33. b3 a4 34.
bxa4 bxa4 35. h3 a3 36. Kh2 Qc4 37. Rfe1 Kf5 38. Kh1 Ke5 39. Kh2 Kd5 40. Kg1
Qd4+ 41. Re3 g5 42. Re2 h5 43. Kf1 Qc4 44. Kf2 Qa4 45. h4 g4 46. Rd2+ Ke5 47.
Rde2 Qa7 48. Kf1 Qa8 49. Kf2 Qf8+ 50. Kg1 Qb4 51. Kf1 Kd5 52. Kf2 Qc5 53. Ke1
Qc1+ 54. Kf2 Qc5 55. Kf1 Qf8+ 56. Kg1 Qb4 57. Kf2 Qa4 58. Ke1 Ke5 59. Kf2 Qa8
60. Kf1 Kd4 61. Kf2 Qf8+ 62. Ke1 Qa8 63. Kf2 Qf8+ 64. Ke1 1/2-1/2

[Event "Norway Chess Open GM 2025"]
[Site "Stavanger NOR"]
[Date "2025.05.28"]
[Round "3.32"]
[White "Eliseev, Sergey"]
[Black "Maurstad, Astor Moe"]
[Result "1/2-1/2"]
[WhiteTitle "FM"]
[WhiteElo "2254"]
[BlackElo "1933"]
[WhiteFideId "1534734"]
[BlackFideId "1576640"]
[EventDate "2025.05.26"]

1. e4 c5 2. Nf3 d6 3. d4 cxd4 4. Nxd4 Nf6 5. Nc3 a6 6. Be3 e5 7. Nf3 Be7 8. Nd2
Qc7 9. Nc4 Nbd7 10. a4 Nc5 11. a5 Ncxe4 12. Nb6 Rb8 13. Nxe4 Nxe4 14. Nd5 Qc6
15. Ba7 Ra8 16. Bb6 Kf8 17. Be2 Nf6 18. c4 Bf5 19. Ne3 Be6 20. O-O Bd8 21. Bf3
e4 22. Bxd8 Rxd8 23. Be2 Ke7 24. b4 Rhe8 25. f4 d5 26. f5 Bc8 27. cxd5 Nxd5 28.
Nxd5+ Qxd5 29. f6+ gxf6 30. Qc1 Be6 31. Kh1 Qe5 32. Qa3 Rd6 33. Rac1 Red8 34.
Rc5 Qd4 35. b5 Qd2 36. Rc7+ Rd7 37. Rxd7+ Bxd7 38. Rd1 Qf4 39. bxa6 bxa6 40.
Bxa6 Bc6 41. Be2 Kd7 42. Bg4+ Kc7 43. Qxd6+ Qxd6 44. Rxd6 Kxd6 45. Kg1 Kc5 46.
Bf5 h6 47. Kf2 e3+ 48. Kxe3 Bxg2 49. Bd3 Bh3 50. Kf4 Bc8 51. h4 Kc6 52. Be2 Be6
53. Ke4 Kc5 54. Bd3 Bd7 55. Kf4 Be6 56. Be2 Bd7 57. Ke4 Be6 58. Bd3 Kc6 59. Kd4
Bc8 60. Bc4 Be6 61. Be2 Bc8 62. Kc3 Kc5 63. Bc4 Be6 64. Ba6 Bd5 65. Bc8 Be6 66.
Bb7 Bc4 67. Bf3 Bb5 1/2-1/2

[Event "Norway Chess Open GM 2025"]
[Site "Stavanger NOR"]
[Date "2025.05.28"]
[Round "3.33"]
[White "Weller, Uli"]
[Black "Simonsen, David Mindestrommen"]
[Result "1/2-1/2"]
[WhiteElo "2223"]
[BlackElo "2104"]
[WhiteFideId "12971782"]
[BlackFideId "1565672"]
[EventDate "2025.05.26"]

1. e4 c5 2. Nf3 d6 3. d4 cxd4 4. Nxd4 Nf6 5. Nc3 a6 6. Qf3 e5 7. Nf5 Qc7 8. Bg5
Bxf5 9. exf5 Nbd7 10. O-O-O Rc8 11. Bd3 Qc6 12. Qxc6 Rxc6 13. Be2 Be7 14. Bf3
Rc7 15. Bxf6 Nxf6 16. g4 g5 17. Nd5 Nxd5 18. Rxd5 Rc4 19. Kd2 h5 20. h3 hxg4 21.
hxg4 Rxh1 22. Bxh1 Rxg4 23. f6 Bxf6 24. Rxd6 Rd4+ 25. Rxd4 exd4 26. Bxb7 a5 27.
Kd3 Kd7 28. Bd5 Kd6 29. Bxf7 Kc5 30. Ke4 Be7 31. Bg8 1/2-1/2

[Event "Norway Chess Open GM 2025"]
[Site "Stavanger NOR"]
[Date "2025.05.28"]
[Round "3.39"]
[White "Zhang, Ruijia"]
[Black "Chernetskiy, Mykola"]
[Result "1-0"]
[BlackTitle "IM"]
[WhiteElo "1970"]
[BlackElo "2198"]
[WhiteFideId "8645264"]
[BlackFideId "14115999"]
[EventDate "2025.05.26"]

1. c4 Nf6 2. Nc3 g6 3. g3 Bg7 4. Bg2 O-O 5. e4 d6 6. Nge2 c5 7. O-O Nc6 8. d3
Bg4 9. h3 Bd7 10. Be3 a6 11. d4 cxd4 12. Nxd4 Nxd4 13. Bxd4 Qc8 14. Bxf6 Bxf6
15. Nd5 Qc5 16. Nxf6+ exf6 17. Rc1 Bc6 18. Qd2 Rfe8 19. b4 Qe5 20. Rfe1 Rad8 21.
Kh2 Kg7 22. f4 Qe7 23. Qd4 h6 24. Qb6 Qd7 25. b5 Rb8 26. bxc6 bxc6 27. Qd4 c5
28. Qd2 Qe6 29. Red1 Rb6 30. Rc2 Reb8 31. Qd5 Qe7 32. Re2 g5 33. Rdd2 h5 34.
fxg5 h4 35. gxh4 Qe5+ 36. Qxe5 fxe5 37. Rc2 a5 38. Red2 a4 39. Rd3 Kg6 40. Kg3
f6 41. Kg4 fxg5 42. hxg5 Rb2 43. Rxd6+ Kg7 44. Rxb2 Rxb2 45. Bf3 Rxa2 46. Ra6 a3
47. Ra7+ Kf8 48. Kf5 Ra1 49. Kf6 a2 50. Ra8# 1-0

[Event "Norway Chess Open GM 2025"]
[Site "Stavanger NOR"]
[Date "2025.05.28"]
[Round "3.34"]
[White "Harish, Neeraj"]
[Black "Anatol, Luke Leon Robin"]
[Result "1/2-1/2"]
[WhiteTitle "CM"]
[WhiteElo "2192"]
[BlackElo "2007"]
[WhiteFideId "30958130"]
[BlackFideId "39905500"]
[EventDate "2025.05.26"]

1. e4 c5 2. Nf3 Nc6 3. Bb5 e5 4. O-O Bd6 5. d4 Nxd4 6. Bc4 b5 7. Bd5 Rb8 8. Ng5
Nh6 9. a4 b4 10. c3 Ne6 11. Bc4 Qe7 12. Nxe6 fxe6 13. Bg5 Qf8 14. Qd3 Nf7 15.
Bd2 Qe7 16. cxb4 cxb4 17. Be3 a5 18. Nd2 Nd8 19. Bg5 Qxg5 20. Qxd6 Nc6 21. Bb5
Qe7 22. Qxe7+ Kxe7 23. Bxc6 dxc6 24. Nb3 Ra8 25. f3 Rd8 26. Rfd1 Bd7 27. Nc5 Be8
28. Kf2 Rd4 29. Nb3 Rxd1 30. Rxd1 c5 31. Nxc5 Rc8 32. Nd3 Rc2+ 33. Ke3 Rxg2 34.
b3 Rxh2 35. Nxe5 Rb2 36. Rd3 h5 37. Nc4 Rg2 38. Rd1 g5 39. Nxa5 h4 40. Rh1 Rg3
41. Nc4 Bh5 42. Nd2 Rg2 43. a5 Rxd2 44. Kxd2 Bxf3 45. Re1 Kd6 46. Ke3 g4 47. a6
Kc7 48. a7 Kb7 49. Ra1 Ka8 50. Ra2 e5 51. Ra1 h3 52. Ra2 Bg2 53. Rxg2 hxg2 54.
Kf2 Kxa7 55. Kxg2 Kb6 56. Kg3 Kc6 57. Kxg4 Kc5 58. Kg5 Kd4 59. Kf5 Kc3 60. Kxe5
Kxb3 61. Kd6 Kc4 62. e5 b3 63. e6 b2 64. e7 b1=Q 65. e8=Q Qb4+ 66. Kd7 Qb7+ 67.
Kd8 Qb8+ 68. Kd7 Qxe8+ 69. Kxe8 1/2-1/2

[Event "Norway Chess Open GM 2025"]
[Site "Stavanger NOR"]
[Date "2025.05.28"]
[Round "3.35"]
[White "Rouda Essa, Alserkal"]
[Black "Follana Albelda, Lucia"]
[Result "0-1"]
[WhiteTitle "WGM"]
[WhiteElo "2147"]
[BlackElo "2022"]
[WhiteFideId "9314318"]
[BlackFideId "24516937"]
[EventDate "2025.05.26"]

1. e4 c6 2. d4 d5 3. e5 c5 4. c3 Nc6 5. Bb5 cxd4 6. cxd4 Bf5 7. Nc3 e6 8. Bxc6+
bxc6 9. Nge2 Ne7 10. h4 h5 11. Bg5 Qc7 12. Rc1 Nc8 13. Ng3 Bg6 14. O-O Nb6 15.
Na4 Rc8 16. f4 Nxa4 17. Qxa4 Bd3 18. Rf3 Bb5 19. Qc2 g6 20. f5 gxf5 21. Nxf5 Qb6
22. Kh1 c5 23. Ne3 Rc6 24. Qf2 Qc7 25. dxc5 Bxc5 26. Rg3 Bd4 27. Rxc6 Bxc6 28.
Nxd5 Bxf2 29. Nxc7+ Kd7 0-1

[Event "Norway Chess Open GM 2025"]
[Site "Stavanger NOR"]
[Date "2025.05.28"]
[Round "3.36"]
[White "Charvi A"]
[Black "Thuesen, Mogens"]
[Result "0-1"]
[WhiteTitle "WFM"]
[WhiteElo "2056"]
[BlackElo "2129"]
[WhiteFideId "25165518"]
[BlackFideId "1400878"]
[EventDate "2025.05.26"]

1. e4 c5 2. Nf3 Nc6 3. d4 cxd4 4. Nxd4 Nf6 5. Nc3 e5 6. Ndb5 d6 7. Nd5 Nxd5 8.
exd5 Nb8 9. c4 Be7 10. Be2 O-O 11. O-O a6 12. Nc3 Nd7 13. a3 f5 14. b4 Bf6 15.
Qb3 b6 16. a4 Rb8 17. Ba3 e4 18. Ra2 Be5 19. h3 Qh4 20. Bc1 g5 21. Nd1 f4 22. f3
Bd4+ 23. Nf2 Ne5 24. Qd1 Bxf2+ 25. Rxf2 e3 26. Rf1 Bxh3 27. Qe1 Qxe1 28. Rxe1
Bf5 29. Ba3 Rfd8 30. Rd1 a5 31. c5 axb4 32. c6 b3 33. c7 bxa2 34. cxb8=Q Rxb8
35. Bxd6 Nd7 36. Bxb8 Bb1 37. Bd3 a1=Q 38. Rxb1 Qd4 0-1

[Event "Norway Chess Open GM 2025"]
[Site "Stavanger NOR"]
[Date "2025.05.28"]
[Round "3.37"]
[White "Abrahams, Daniel"]
[Black "Azikri, Gur"]
[Result "1/2-1/2"]
[WhiteTitle "CM"]
[WhiteElo "2112"]
[BlackElo "1982"]
[WhiteFideId "2606879"]
[BlackFideId "2812738"]
[EventDate "2025.05.26"]

1. d4 Nf6 2. c4 g6 3. Nf3 Bg7 4. g3 O-O 5. Bg2 d6 6. O-O c5 7. Nc3 Nc6 8. d5 Na5
9. Nd2 a6 10. a4 Rb8 11. Qc2 Bd7 12. b3 b5 13. axb5 axb5 14. cxb5 Bxb5 15. Nxb5
Rxb5 16. Bb2 Qb6 17. Ra3 Rb8 18. Bxf6 Bxf6 19. Nc4 Nxc4 20. bxc4 Rb2 21. Qd3 Qb4
22. Rd1 Rb1 23. Rxb1 Qxb1+ 24. Qxb1 Rxb1+ 25. Bf1 1/2-1/2

[Event "Norway Chess Open GM 2025"]
[Site "Stavanger NOR"]
[Date "2025.05.28"]
[Round "3.40"]
[White "Amundsen, Ask"]
[Black "Gore, Rohan"]
[Result "1-0"]
[WhiteElo "2009"]
[BlackElo "2110"]
[WhiteFideId "1528726"]
[BlackFideId "1773917"]
[EventDate "2025.05.26"]

1. Nf3 d5 2. g3 Nf6 3. Bg2 c6 4. O-O Bg4 5. h3 Bh5 6. d3 Nbd7 7. c4 Bxf3 8. Bxf3
Ne5 9. Bg2 dxc4 10. d4 Ned7 11. Qc2 Nb6 12. Rd1 e6 13. e3 a5 14. Nd2 Nfd5 15.
Nxc4 Nb4 16. Qe2 Nxc4 17. Qxc4 Qd7 18. Bd2 b5 19. Qe2 Nd5 20. Rac1 Be7 21. Rc2
O-O 22. Rdc1 Rfc8 23. Kh2 a4 24. Qe1 Bf8 25. a3 Ra6 26. Bxd5 exd5 27. Bb4 Bd6
28. Bxd6 Qxd6 29. Qb4 Qxb4 30. axb4 Kf8 31. Rc5 a3 32. bxa3 Rxa3 33. Rxd5 Rb3
34. Rxb5 cxb5 35. Rxc8+ Ke7 36. Rc7+ Ke8 37. Kg2 Rxb4 38. f4 Rb1 39. Kf3 b4 40.
Ke4 b3 41. Rb7 b2 42. g4 Kf8 43. d5 Ke8 44. Ke5 Re1 45. Rxb2 Rxe3+ 46. Kd6 f6
47. Rb7 Kf8 48. Kd7 Rxh3 49. d6 Rf3 50. Rb4 Rc3 51. Kd8 Kf7 52. Rb7+ Kf8 53. d7
Rc4 54. Rc7 Ra4 55. Rc6 Ra8+ 56. Rc8 Ra7 57. Rb8 g5 58. Kc8 Rxd7 59. Kxd7+ Kg7
60. fxg5 1-0

[Event "Norway Chess Open GM 2025"]
[Site "Stavanger NOR"]
[Date "2025.05.28"]
[Round "3.38"]
[White "Beisteiner, Joachim"]
[Black "Zepeda Berlanga, Jan Enrique"]
[Result "1-0"]
[BlackTitle "CM"]
[WhiteElo "2109"]
[BlackElo "1941"]
[WhiteFideId "1682296"]
[BlackFideId "5132355"]
[EventDate "2025.05.26"]

1. e4 e5 2. Nf3 Nc6 3. Bc4 Bc5 4. c3 Nf6 5. d3 d6 6. O-O a5 7. Re1 Ba7 8. Bb3
O-O 9. h3 h6 10. d4 Re8 11. Bc2 Bd7 12. Be3 exd4 13. cxd4 Nxe4 14. d5 Nxf2 15.
Bxf2 Rxe1+ 16. Qxe1 Nb4 17. Qd2 Bxf2+ 18. Kxf2 c6 19. Nc3 Qb6+ 20. Kg3 cxd5 21.
Bb3 Bc6 22. Qd4 Qxd4 23. Nxd4 Re8 24. Rd1 Re3+ 25. Kf2 Rd3 26. a3 Rxd1 27. Nxd1
Nd3+ 28. Ke3 Ne5 29. Nc3 Kf8 30. Nxd5 g6 31. Nxc6 bxc6 32. Nb6 d5 33. Kd4 f6 34.
Na4 Ke7 35. Nc5 Kd6 36. Ba2 Kc7 37. b3 Nf7 38. Bb1 f5 39. Bd3 h5 40. h4 Kd6 41.
Nb7+ Ke6 42. Nxa5 Ne5 43. Be2 g5 44. hxg5 h4 45. g6 Nxg6 46. Nxc6 Kd6 47. Nb4
Nf4 48. Bf1 Ne6+ 49. Kc3 f4 50. Nd3 f3 51. gxf3 Ng5 52. Bg2 h3 53. Bh1 Ne6 54.
a4 Ng7 55. Nf2 h2 56. Ng4 Nf5 57. Nxh2 Ng3 58. Bg2 Ne2+ 59. Kd2 Nf4 60. Bf1 Kc5
61. a5 d4 62. a6 Nd5 63. f4 Kb6 64. f5 Nf6 65. Bd3 1-0

[Event "Norway Chess Open GM 2025"]
[Site "Stavanger NOR"]
[Date "2025.05.28"]
[Round "3.41"]
[White "Gasland, Lukas Dominik"]
[Black "Stranz, Richard"]
[Result "0-1"]
[BlackTitle "FM"]
[WhiteElo "1997"]
[BlackElo "2075"]
[WhiteFideId "1557882"]
[BlackFideId "1600818"]
[EventDate "2025.05.26"]

1. Nf3 Nf6 2. g3 d5 3. Bg2 c6 4. O-O Bg4 5. Ne5 Bf5 6. d4 e6 7. c4 Be7 8. Nc3
O-O 9. Re1 Nbd7 10. cxd5 exd5 11. Bf4 Re8 12. Rc1 Rc8 13. a3 Nh5 14. Bd2 Nhf6
15. Bf4 h6 16. Qd2 Bf8 17. h4 Ng4 18. Nxg4 Bxg4 19. e4 dxe4 20. Nxe4 Nf6 21.
Nxf6+ Qxf6 22. Be5 Qd8 23. d5 Be6 24. d6 f6 25. Bf4 g5 26. hxg5 hxg5 27. Qd3
gxf4 28. Qg6+ Bg7 29. Be4 Qxd6 30. Rcd1 Qc7 31. Bf5 Qf7 32. Qh7+ Kf8 33. Bg6 Qg8
34. Qxg8+ Bxg8 35. Bxe8 Rxe8 36. gxf4 Rxe1+ 37. Rxe1 f5 38. Re2 Bc4 39. Rd2 Ke7
40. f3 c5 41. Kf2 Ke6 42. Kg3 Bf6 43. Rh2 b5 44. Rc2 Kd5 45. Rd2+ Kc6 46. Rh2
Kd5 47. Rd2+ Ke6 48. Rc2 Be7 49. a4 a6 50. axb5 axb5 51. Rd2 Bd6 52. Rd1 b4 0-1